El juego del discurso: manual de análisis de estrategias discursivas
Guardat en:
| Autor principal: | |
|---|---|
| Format: | Llibre |
| Idioma: | espanyol |
| Publicat: |
Buenos Aires
Lumen-Hvmanitas
1999
|
| Matèries: | |
| Etiquetes: |
Afegir etiqueta
Sense etiquetes, Sigues el primer a etiquetar aquest registre!
|
MARC
| LEADER | 00000nam a2200000 a 4500 | ||
|---|---|---|---|
| 001 | UCJ0809 | ||
| 003 | CL-VaPUC | ||
| 008 | 060908e19990000AG |||||||||||||||||spa|d | ||
| 020 | |a 9507248897 | ||
| 082 | 0 | 4 | |a 401.41 |b PRI |2 21 |
| 100 | 0 | |a Prieto Castillo, Daniel |e author |9 501172 | |
| 245 | 1 | 3 | |a El juego del discurso: manual de análisis de estrategias discursivas |
| 300 | |a 224 p | ||
| 942 | |c BK | ||
| 945 | |d 20060908 00:00:00 |a jtorresc | ||
| 260 | |a Buenos Aires |b Lumen-Hvmanitas |c 1999 | ||
| 650 | 0 | |a Análisis del discurso |9 256696 | |
| 650 | 0 | |a Periodismo |9 310113 | |
| 650 | 0 | |a Comunicación |9 257251 | |
| 650 | 0 | |a Escritura creativa |9 311605 | |
| 650 | 0 | |a Discursos |9 265028 | |
| 583 | |a last modification |c 20140409 02:44:49 |k Rodrigo Vera | ||
| 999 | |c 317563 |d 317561 | ||
| 952 | |0 0 |1 0 |4 0 |6 401_410000000000000_PRI_1999 |7 0 |8 A |9 394071 |a BIBCUR |b BIBCUR |d 2019-11-22 |i 4272811 |o 401.41 PRI 1999 |p 4272811 |r 2025-04-22 |w 2019-11-22 |y BK |k PER | ||